| 000 | 00584nam a2200217Ia 4500 | ||
|---|---|---|---|
| 001 | 27172 | ||
| 003 | AR-BaAGN | ||
| 005 | 20231116141928.0 | ||
| 007 | ta | ||
| 008 | 211213s1912 xx |||||||||||||| ||spa d | ||
| 040 |
_dAR-BaAGN _aAR-BaAGN _bspa _eaacr |
||
| 100 | _aArteaga, Alfredo de | ||
| 245 | 1 | 0 |
_aCamino a la montaña / _cAlfredo de Arteaga |
| 260 |
_a[Lugar de publicación no identificado] : _bColegio Don Bosco, _c1912. |
||
| 300 | _a172 páginas | ||
| 336 |
_2rdacontent _btxt |
||
| 337 |
_2rdamedia _bn |
||
| 338 |
_2rdacarrier _bnc |
||
| 942 | _cLIBRO | ||
| 999 |
_c27172 _d27172 |
||